|
|
|
|
| LEADER |
00000cam a2200000 c 4500 |
| 001 |
33527613X |
| 003 |
DE-627 |
| 005 |
20251222220704.0 |
| 007 |
tu |
| 008 |
011017s2002 xxk||||| 00| ||eng c |
| 016 |
7 |
|
|a 0231118767
|2 UK
|
| 020 |
|
|
|a 0231118767
|9 0-231-11876-7
|
| 024 |
8 |
|
|a 12001-42250
|q Identnummer
|
| 035 |
|
|
|a (DE-627)33527613X
|
| 035 |
|
|
|a (DE-599)GBV33527613X
|
| 035 |
|
|
|a (OCoLC)248451936
|
| 040 |
|
|
|a DE-627
|b ger
|c DE-627
|e rakwb
|
| 041 |
|
|
|a eng
|h fre
|
| 044 |
|
|
|c XA-GB
|
| 050 |
|
0 |
|a BV4627.B6
|
| 082 |
0 |
|
|a 179.50903
|
| 084 |
|
|
|a 5,1
|a 1
|2 ssgn
|
| 084 |
|
|
|a CC 8500
|q BVB
|2 rvk
|0 (DE-625)rvk/17709:
|
| 084 |
|
|
|a BK 2900
|q BVB
|2 rvk
|0 (DE-625)rvk/11881:
|
| 100 |
1 |
|
|8 1\p
|0 (DE-588)121473899
|0 (DE-627)081330960
|0 (DE-576)160505801
|4 aut
|a Cabantous, Alain
|d 1946-
|
| 109 |
|
|
|a Cabantous, Alain 1946-
|
| 240 |
1 |
0 |
|a Histoire du blasphème en Occident <English>
|
| 245 |
1 |
0 |
|a Blasphemy
|b impious speech in the West from the seventeenth to the nineteenth century
|c Alain Cabantous; translated by Eric Rauth
|
| 264 |
|
1 |
|a New York
|a Chichester
|b Columbia University Press
|c c2002
|
| 300 |
|
|
|a X, 288 S
|c 24 cm
|
| 336 |
|
|
|a Text
|b txt
|2 rdacontent
|
| 337 |
|
|
|a ohne Hilfsmittel zu benutzen
|b n
|2 rdamedia
|
| 338 |
|
|
|a Band
|b nc
|2 rdacarrier
|
| 490 |
0 |
|
|a European perspectives
|
| 500 |
|
|
|a Includes bibliographical references and index
|
| 650 |
|
4 |
|a Blasphemy
|x History
|
| 689 |
0 |
0 |
|d s
|0 (DE-588)4157953-7
|0 (DE-627)105496790
|0 (DE-576)209838388
|2 gnd
|a Gotteslästerung
|
| 689 |
0 |
1 |
|d s
|0 (DE-588)4020517-4
|0 (DE-627)106317768
|0 (DE-576)208933697
|2 gnd
|a Geschichte
|
| 689 |
0 |
|
|5 (DE-627)
|
| 700 |
1 |
|
|a Rauth, Eric
|4 oth
|
| 700 |
1 |
2 |
|a Cabantous, Alain
|d 1946-
|t Histoire du blasphème en Occident <English>
|
| 787 |
0 |
8 |
|i Rezensiert in
|a Nash, David
|t Blasphemy. Impious speech in the west from the seventeenth to the nineteenth century. By Alain Cabantous (trans. Eric Rauth). (European Perspectives.) Pp. xi+289. New York–Chichester: Columbia University Press, 2002. £20 (29.50). 0 231 11876 7
|d 2003
|w (DE-627)1784681911
|
| 787 |
0 |
8 |
|i Rezensiert in
|a Aasand, Hardin
|t [Rezension von: Cabantous, Alain, Blasphemy: Impious Speech in the West from the Seventeenth to the Nineteenth Century]
|d 2003
|w (DE-627)180237955X
|
| 787 |
0 |
8 |
|i Rezensiert in
|a Gustafson, Sandra M.
|t Blasphemy: Impious Speech in the West from the Seventeenth to the Nineteenth Century. Alain Cabantous , Eric Rauth
|d 2003
|w (DE-627)1811648045
|
| 883 |
|
|
|8 1\p
|a cgwrk
|d 20241001
|q DE-101
|u https://d-nb.info/provenance/plan#cgwrk
|
| 936 |
r |
v |
|a CC 8500
|b Abhandlungen
|k Philosophie
|k Systematische Philosophie
|k Religionsphilosophie
|k Abhandlungen
|0 (DE-627)1270639315
|0 (DE-625)rvk/17709:
|0 (DE-576)200639315
|
| 936 |
r |
v |
|a BK 2900
|b Gottesliebe, Gotteshass
|k Theologie und Religionswissenschaften
|k Theologische Ethik/Moraltheologie
|k Spezielle Moraltheologie/Spezielle Ethik
|k Verantwortung vor Gott
|k Gottesliebe, Gotteshass
|0 (DE-627)1270725157
|0 (DE-625)rvk/11881:
|0 (DE-576)200725157
|
| 951 |
|
|
|a BO
|
| ELC |
|
|
|b 1
|
| ORI |
|
|
|a SA-MARC-ixtheo_oa001.raw
|
| REL |
|
|
|a 1
|
| STA |
0 |
0 |
|a Blasphemy,History,History,History in art
|
| STB |
0 |
0 |
|a Blasphème,Histoire,Histoire,Histoire
|
| STC |
0 |
0 |
|a Blasfemia,Historia,Historia,Historia
|
| STD |
0 |
0 |
|a Blasfemia,Storia,Storia
|
| STE |
0 |
0 |
|a 亵渎,历史,史
|
| STF |
0 |
0 |
|a 歷史,史,褻瀆
|
| STG |
0 |
0 |
|a Blasfêmia,História,História
|
| STH |
0 |
0 |
|a История (мотив),История,Хуление Бога
|
| STI |
0 |
0 |
|a Βλασφημία,Ιστορία (μοτίβο),Ιστορία
|
| SUB |
|
|
|a REL
|
| SYG |
0 |
0 |
|a Blasphemie,Lästerung Gottes , History,Geschichtliche Epoche,Historical development,Historische Entwicklung,Landesgeschichte,Regionalgeschichte,Ortsgeschichte,Zeitgeschichte
|